| 000 | 00501nam a2200205Ia 4500 | ||
|---|---|---|---|
| 003 | OSt | ||
| 005 | 20250923160012.0 | ||
| 008 | 210210b2009 xxu||||| |||| 00| 0 eng d | ||
| 020 | _a8180301036 | ||
| 040 | _cAL | ||
| 041 | _aeng | ||
| 082 | _a591.0724 MEHA | ||
| 100 |
_aVarun Mehta _9240280 |
||
| 245 | _aAnimal biotechnology | ||
| 260 |
_aNew Delhi _bCampus Books International _c2009 |
||
| 300 | _aviii,314p | ||
| 690 |
_aAnimal Biotechnology _9240281 |
||
| 906 | _a066234 | ||
| 942 |
_2ddc _cBK |
||
| 999 |
_c147564 _d147564 |
||